Normal view
MARC view
- Okishi, H Theodore, Huebsch, W Wade, Rothmayer, P Alric
Entry Corporate Name
001 - CONTROL NUMBER
- control field: 123452
003 - CONTROL NUMBER IDENTIFIER
- control field: NUST
005 - DATE AND TIME OF LATEST TRANSACTION
- control field: 20240611100530.0
008 - FIXED-LENGTH DATA ELEMENTS
- fixed length control field: 240611|| aca||aabn | a|a d
040 ## - CATALOGING SOURCE
- Original cataloging agency: NUST
- Transcribing agency: NUST
110 ## - HEADING--CORPORATE NAME
- Corporate name or jurisdiction name as entry element: Okishi, H Theodore, Huebsch, W Wade, Rothmayer, P Alric
670 ## - SOURCE DATA FOUND
- Source citation: Work cat.: (NUST): Munson, R Bruce: 123451, Fluid Mechanics, 2013
